000 00724nam a2200205 i 4500
001 97973
003 ES-MaACL
005 20250903005838.0
007 t|
008 050721s1951 sp ||||1| spa d
100 1 _aMarín Tejerizo, Juan Antonio.
_976815
245 1 0 _aProblemas de cálculo infinitesimal para uso de los alumnos de las Facultades de Ciencias y aspirantes a Escuelas Especiales /
_cProf. J. A. Marín Tejerizo; prólogo de J. Marín Toyos...
260 _aMadrid :
_bJ. A. Marín,
_c1951.
300 _a1 t. :
_bil. ;
_c25 cm.
650 7 _aCálculo
_2embne
_910668
700 1 _aMarín Toyos, J.
_976817
852 _aES-MaACL
_jP-999
_bR.31872
852 _aES-MaACL
_jP-1002
999 _c97973
_d97973